Assessment of potential of smallscale aquaculture in prey veng district prey veng province (ការវាយតំលៃទៅលើសក្ដានុពលភាពនៃវិស័យវារីវប្បកម្មជាលក្ខណះគ្រួសារក្នុងស្រុកព្រៃវែងខេត្តព្រៃវែង) (Record no. 3738)

000 -LEADER
fixed length control field 00721nam a22001577a 4500
003 - CONTROL NUMBER IDENTIFIER
control field OSt
005 - DATE AND TIME OF LATEST TRANSACTION
control field 20151130105430.0
008 - FIXED-LENGTH DATA ELEMENTS--GENERAL INFORMATION
fixed length control field 151130b xxu||||| |||| 00| 0 eng d
040 ## - CATALOGING SOURCE
Transcribing agency RUA
082 ## - DEWEY DECIMAL CLASSIFICATION NUMBER
Classification number FIS HOU 1997 B167 Or.1
100 ## - MAIN ENTRY--PERSONAL NAME
9 (RLIN) 4017
Personal name HOUT, CHHAYLY.
245 ## - TITLE STATEMENT
Title Assessment of potential of smallscale aquaculture in prey veng district prey veng province (ការវាយតំលៃទៅលើសក្ដានុពលភាពនៃវិស័យវារីវប្បកម្មជាលក្ខណះគ្រួសារក្នុងស្រុកព្រៃវែងខេត្តព្រៃវែង)
260 ## - PUBLICATION, DISTRIBUTION, ETC. (IMPRINT)
Place of publication, distribution, etc. Phnom Penh
Name of publisher, distributor, etc. RUA
Date of publication, distribution, etc. 1997
300 ## - PHYSICAL DESCRIPTION
Extent 52p.
Other physical details ill.
Dimensions 29cm.
942 ## - ADDED ENTRY ELEMENTS (KOHA)
Source of classification or shelving scheme
Koha item type FIS
Holdings
Price effective from Date last seen Permanent Location Not for loan Date acquired Source of classification or shelving scheme Koha item type Lost status Withdrawn status Date last checked out Total Checkouts Shelving location Damaged status Barcode Current Location Full call number
2015-11-302015-11-30Library Block B 2015-11-30 FIS    B167 RUA010706Library Block BFIS HOU 1997 B167 Or.1
2015-11-302015-11-30Library Block B 2015-11-30 FIS    B167 RUA028811Library Block BFIS HOU 1997 B167 Or.2
2015-11-302015-11-30Library Block B 2015-11-30 FIS    B167 RUA010579Library Block BFIS HOU 1997 B167 Or.3
2015-11-302015-11-30Library Block B 2015-11-30 FIS    B167 RUA010778Library Block BFIS HOU 1997 B167 Or.4
2015-11-302015-11-30Library Block B 2015-11-30 FIS    B167 RUA012581Library Block BFIS HOU 1997 B167 Or.5
2015-11-302015-11-30Library Block B 2015-11-30 FIS    B167 RUA012437Library Block BFIS HOU 1997 B167 Or.6
2015-11-302022-12-13Library Block B 2015-11-30 FIS  2022-12-051B167 RUA012558Library Block BFIS HOU 1997 B167 Or.7
2015-11-302015-11-30Library Block B 2015-11-30 FIS    B167 RUA012629Library Block BFIS HOU 1997 B167 Or.8
2015-11-302015-11-30Library Block B 2015-11-30 FIS    B167 RUA012763Library Block BFIS HOU 1997 B167 Or.9
2015-11-302015-11-30Library Block B 2015-11-30 FIS    B167 RUA012701Library Block BFIS HOU 1997 B167 Or.10
2015-11-302015-11-30Library Block B 2015-11-30 FIS    B167 RUA012774Library Block BFIS HOU 1997 B167 Or.11
2015-11-302015-11-30Library Block B 2015-11-30 FIS    B167 RUA012773Library Block BFIS HOU 1997 B167 Or.12
2015-12-082015-12-08Library Block B 2015-12-08 FIS    B167 RUA012580Library Block BFIS HOU 1997 B167 Or.13
2015-12-082015-12-08Library Block B 2015-12-08 FIS    B167 RUA012509Library Block BFIS HOU 1997 B167 Or.14
មជ្ឈមណ្ឌលឯការនៃសាកលវិទ្យាល័យភូមិន្ទកសិកម្មចំការដូង

Powered by Koha